[Event "V Floripa Chess Open 2019"]
[Site "Florianopolis/SC"]
[Date "2019.01.23"]
[Round "4.73"]
[White "Martins, Anderson"]
[Black "Franca Junior, Jairo"]
[Result "0-1"]
[WhiteElo "2036"]
[BlackElo "1816"]
[PlyCount "90"]
[EventDate "2019.01.21"]
[EventRounds "10"]
[EventCountry "BRA"]

1. d4 Nf6 2. c4 g6 3. Nc3 d5 4. Bg5 Ne4 5. Bh4 Nxc3 6. bxc3 Bg7 7. e3 O-O 8. Nf3 c5 9. Bd3 Nc6 10. O-O Bf5 11. Bxf5 gxf5 12. Qd3 dxc4 13. Qxf5 Qd6 14. Bg3 e5 15. dxc5 Qg6 16. Nh4 Qe6 17. e4 Rfd8 18. Rfd1 Rd3 19. Qxe6 fxe6 20. Rxd3 cxd3 21. Rd1 Rd8 22. Nf3 Kf7 23. Kf1 b6 24. cxb6 axb6 25. Ne1 d2 26. Nf3 Rd3 27. Rxd2 Rxc3 28. Ke2 Nd4+ 29. Nxd4 exd4 30. e5 Ra3 31. Rxd4 Rxa2+ 32. Kd3 Bf8 33. Rd7+ Kg6 34. Rd8 Bc5 35. Rg8+ Kf7 36. Rg4 Ra3+ 37. Kc2 Ra2+ 38. Kb3 Ra3+ 39. Kb2 Rd3 40. Kc2 Ra3 41. h4 h5 42. Rg5 Bxf2 43. Bxf2 Ra2+ 44. Kb3 Rxf2 45. g3 Rf5 0-1

[Event "V Floripa Chess Open 2019"]
[Site "Florianopolis/SC"]
[Date "2019.01.23"]
[Round "4.74"]
[White "Do Nascimento, Christian Almeida"]
[Black "Britez, G Jorge A"]
[Result "1-0"]
[WhiteElo "2029"]
[BlackElo "1812"]
[PlyCount "81"]
[EventDate "2019.01.21"]
[EventRounds "10"]
[EventCountry "BRA"]

1. d4 Nf6 2. e3 d5 3. f4 g6 4. Bd3 Bg7 5. Nf3 O-O 6. O-O c6 7. Ne5 Ne4 8. Nd2 f5 9. Ndf3 Nd7 10. Bd2 e6 11. Be1 Ndf6 12. Bh4 Qe8 13. a4 Bd7 14. c4 Nd6 15. b4 Nf7 16. c5 a6 17. Qb3 Nxe5 18. dxe5 Ne4 19. Bxe4 fxe4 20. Nd4 h6 21. Rab1 g5 22. Bg3 gxf4 23. exf4 Qe7 24. Qc3 h5 25. Qe1 Bh6 26. Bh4 Qf7 27. Bf6 Qg6 28. Rb3 Kh7 29. Rg3 Qf7 30. Qe2 Rg8 31. Rh3 Rg4 32. Bg5 Rg8 33. Nc2 Bxg5 34. Qxg4 Bh6 35. Qxh5 Qxh5 36. Rxh5 Kg6 37. Rh3 Bg7 38. Rg3+ Kf7 39. Nd4 Rh8 40. f5 exf5 41. e6+ 1-0

[Event "V Floripa Chess Open 2019"]
[Site "Florianopolis/SC"]
[Date "2019.01.23"]
[Round "4.75"]
[White "Urquiza, Marcello De Albuque"]
[Black "Bail, Ellen Larissa"]
[Result "1-0"]
[WhiteElo "2025"]
[BlackElo "1803"]
[PlyCount "117"]
[EventDate "2019.01.21"]
[EventRounds "10"]
[EventCountry "BRA"]

1. e4 c5 2. Nf3 d6 3. d4 cxd4 4. Nxd4 Nf6 5. Nc3 g6 6. Be2 Bg7 7. Be3 O-O 8. O-O a6 9. f4 Nc6 10. Bf3 Na5 11. Qe2 Qc7 12. Rad1 Bd7 13. Bc1 e5 14. Nb3 Be6 15. Nxa5 Qxa5 16. Kh1 Qc7 17. Qf2 b5 18. a3 Rab8 19. Qh4 a5 20. fxe5 dxe5 21. Be2 b4 22. axb4 axb4 23. Rxf6 bxc3 24. b3 Rfd8 25. Rff1 Ra8 26. Bg5 Rd4 27. Be3 Rdd8 28. Bg5 Rd4 29. Be3 Rdd8 30. Qf2 Qb7 31. Bb6 Rd2 32. Rxd2 cxd2 33. Rd1 Bh6 34. Be3 Bxe3 35. Qxe3 Qd7 36. Qxd2 Qxd2 37. Rxd2 Ra1+ 38. Rd1 Rxd1+ 39. Bxd1 f5 40. Bf3 Kf8 41. Kg1 Ke7 42. Kf2 Kd6 43. Ke3 Kc5 44. Kd3 Kb4 45. Bd1 Bc8 46. c3+ Kc5 47. b4+ Kb5 48. Be2 Bb7 49. Ke3+ Ka4 50. Bf3 Ba6 51. exf5 gxf5 52. Bc6+ Bb5 53. Bxb5+ Kxb5 54. g4 fxg4 55. Ke4 h5 56. Kxe5 h4 57. Kf4 g3 58. hxg3 h3 59. Kf3 1-0

[Event "V Floripa Chess Open 2019"]
[Site "Florianopolis/SC"]
[Date "2019.01.23"]
[Round "4.76"]
[White "Mangialardo, Tiago Carvalho"]
[Black "Campagnolo, Fabiola"]
[Result "1/2-1/2"]
[WhiteElo "2021"]
[BlackElo "1797"]
[PlyCount "83"]
[EventDate "2019.01.21"]
[EventRounds "10"]
[EventCountry "BRA"]

1. e4 c5 2. Nf3 d6 3. Bb5+ Bd7 4. Bxd7+ Qxd7 5. O-O Nc6 6. Qe2 Nf6 7. c3 Rc8 8. d4 cxd4 9. cxd4 d5 10. e5 Ne4 11. Be3 Nb4 12. Ne1 h6 13. f3 Ng5 14. h4 Ne6 15. f4 g6 16. h5 Ng7 17. hxg6 fxg6 18. a3 Nc6 19. Nf3 e6 20. Nc3 Nf5 21. Bf2 h5 22. Qd3 Be7 23. Rae1 Kf7 24. Nb5 a6 25. Nd6+ Nxd6 26. exd6 Qxd6 27. Bh4 Kg7 28. Bxe7 Qxe7 29. Ng5 Nd8 30. Re5 Qf6 31. f5 gxf5 32. Nxe6+ Nxe6 33. Qg3+ Qg5 34. Qxg5+ Nxg5 35. Rfxf5 Nf7 36. Re7 Rhf8 37. Rxb7 Rb8 38. Rfxf7+ Rxf7 39. Rxb8 Rf4 40. Rb4 Kf6 41. g3 Rg4 42. Kf2 1/2-1/2

[Event "V Floripa Chess Open 2019"]
[Site "Florianopolis/SC"]
[Date "2019.01.23"]
[Round "4.77"]
[White "Heinechen, John"]
[Black "Minelli, Fausto"]
[Result "1-0"]
[WhiteElo "2002"]
[BlackElo "1781"]
[PlyCount "29"]
[EventDate "2019.01.21"]
[EventRounds "10"]
[EventCountry "BRA"]

1. e4 d6 2. d4 Nf6 3. Nc3 g6 4. f3 Bg7 5. Be3 O-O 6. Qd2 c6 7. g4 d5 8. h4 h5 9. Bh6 e5 10. Bxg7 Kxg7 11. O-O-O Qa5 12. Kb1 Be6 13. g5 Nxe4 14. Nxe4 b5 15. dxe5 1-0

[Event "V Floripa Chess Open 2019"]
[Site "Florianopolis/SC"]
[Date "2019.01.23"]
[Round "4.78"]
[White "Vitielo, Alecio Elias"]
[Black "Chang, Suzana"]
[Result "0-1"]
[WhiteElo "1800"]
[BlackElo "1990"]
[PlyCount "57"]
[EventDate "2019.01.21"]
[EventRounds "10"]
[EventCountry "BRA"]

1. e4 c5 2. c3 Nf6 3. e5 Nd5 4. Bc4 e6 5. d4 cxd4 6. Qxd4 Nc6 7. Qe4 f5 8. Qe2 Nb6 9. Bd3 Be7 10. Nf3 O-O 11. h4 d6 12. exd6 Bxd6 13. Bg5 Qc7 14. h5 h6 15. Bd2 Bd7 16. g4 fxg4 17. Qe4 Rxf3 18. Qh7+ Kf8 19. Bg6 Be5 20. Bxh6 gxh6 21. Qxh6+ Bg7 22. Qd2 Qe5+ 23. Kd1 Qf4 24. h6 Bh8 25. Qe1 Ne5 26. Be4 Ba4+ 27. b3 Rd8+ 28. Nd2 Nd3 29. Bxd3 0-1

[Event "V Floripa Chess Open 2019"]
[Site "Florianopolis/SC"]
[Date "2019.01.23"]
[Round "4.79"]
[White "Barreiros Da Silva, Denison Klein"]
[Black "Rocancourt Moreira, Mauricio"]
[Result "1-0"]
[WhiteElo "1990"]
[BlackElo "1777"]
[PlyCount "36"]
[EventDate "2019.01.21"]
[EventRounds "10"]
[EventCountry "BRA"]

1. e4 c5 2. Nf3 e6 3. d4 cxd4 4. Nxd4 a6 5. Nc3 Qc7 6. a3 Nf6 7. Be2 b5 8. b4 Bb7 9. Bf3 d6 10. O-O Be7 11. g4 Nc6 12. Be3 Nd7 13. h3 Nxd4 14. Bxd4 Bf6 15. Ne2 Ne5 16. Ng3 Qc6 17. c3 Qd7 18. Be2 Qd8 1-0

[Event "V Floripa Chess Open 2019"]
[Site "Florianopolis/SC"]
[Date "2019.01.23"]
[Round "4.80"]
[White "Reis, Virginia Lagrange M"]
[Black "Tomiello, Lucas Costamilan"]
[Result "0-1"]
[WhiteElo "1788"]
[BlackElo "1990"]
[PlyCount "46"]
[EventDate "2019.01.21"]
[EventRounds "10"]
[EventCountry "BRA"]

1. e4 c5 2. Nf3 d6 3. d4 cxd4 4. Nxd4 Nf6 5. f3 a6 6. c4 g6 7. Nc3 Bg7 8. Be3 O-O 9. Qd2 Nc6 10. Rc1 Bd7 11. Be2 Rb8 12. O-O Nxd4 13. Bxd4 b5 14. cxb5 axb5 15. b4 Ne8 16. Be3 Nc7 17. Rc2 h5 18. Rfc1 h4 19. Bg5 h3 20. g3 Be6 21. Nb1 Rb7 22. Nc3 Qd7 23. Be3 Ra8 0-1

[Event "V Floripa Chess Open 2019"]
[Site "Florianopolis/SC"]
[Date "2019.01.23"]
[Round "4.81"]
[White "Weise, William Ferreira"]
[Black "Brito, Vicente De Paulo Al"]
[Result "1/2-1/2"]
[WhiteElo "1778"]
[BlackElo "1985"]
[PlyCount "115"]
[EventDate "2019.01.21"]
[EventRounds "10"]
[EventCountry "BRA"]

1. d4 Nf6 2. Nf3 g6 3. c4 Bg7 4. Nc3 O-O 5. Bf4 d6 6. e3 Nbd7 7. Bd3 Re8 8. O-O e5 9. dxe5 dxe5 10. Bg5 h6 11. Bxf6 Nxf6 12. Ne4 Bg4 13. Nxf6+ Qxf6 14. Be4 Rad8 15. Qb3 b6 16. Rad1 Rxd1 17. Rxd1 Rd8 18. h3 Bxf3 19. Bxf3 Rxd1+ 20. Qxd1 e4 21. Bxe4 Qxb2 22. Qd8+ Kh7 23. Qe7 Qc2 24. Kh2 Qxc4 25. a3 Qe6 26. Qxe6 fxe6 27. h4 Be5+ 28. f4 Bb2 29. a4 Kg7 30. Kg3 Kf6 31. Kf3 h5 32. Bd3 e5 33. g3 Bc3 34. Be4 c5 35. Bd3 exf4 36. gxf4 Be1 37. e4 Bxh4 38. e5+ Kf7 39. e6+ Kxe6 40. Bxg6 Kd5 41. Ke3 Kc4 42. Bxh5 Kb4 43. Bd1 a6 44. Kd3 b5 45. axb5 axb5 46. Kc2 Bf6 47. Bh5 c4 48. f5 Ka3 49. Bf7 Kb4 50. Be6 Kc5 51. Bf7 b4 52. Be6 b3+ 53. Kb1 Kb4 54. Bd5 c3 55. Be4 Kc4 56. Kc1 Kd4 57. Kb1 Ke3 58. Kc1 1/2-1/2

[Event "V Floripa Chess Open 2019"]
[Site "Florianopolis/SC"]
[Date "2019.01.23"]
[Round "4.82"]
[White "Pereira Da Silva, Breno D Alkmin"]
[Black "Mileski, Lucas De Souza"]
[Result "0-1"]
[WhiteElo "1982"]
[BlackElo "1774"]
[PlyCount "86"]
[EventDate "2019.01.21"]
[EventRounds "10"]
[EventCountry "BRA"]

1. e4 c5 2. Nf3 d6 3. d4 cxd4 4. Nxd4 Nf6 5. Nc3 a6 6. Be2 e5 7. Nb3 Be6 8. O-O Be7 9. f4 Qc7 10. Kh1 O-O 11. f5 Bc4 12. g4 h6 13. Rg1 b5 14. Bxc4 Qxc4 15. Qd3 Qxd3 16. cxd3 b4 17. Ne2 Rc8 18. h3 Nbd7 19. Bd2 Rc2 20. Rab1 a5 21. Rgc1 Rxc1+ 22. Rxc1 a4 23. Na1 Nc5 24. Bxb4 Nxd3 25. Rc4 Nxb2 26. Rc7 Bf8 27. Nc3 Nd3 28. Nc2 Nf2+ 29. Kg2 N2xe4 30. Nxe4 Nxe4 31. Ne3 Nf6 32. Nc4 Nd5 33. Rb7 Nxb4 34. Rxb4 d5 35. Rb5 dxc4 36. Rxe5 c3 37. Re2 Rb8 38. Kf3 Rb2 39. Re8 Rxa2 40. Rc8 c2 41. Ke3 Rb2 42. Kd2 a3 43. Rxc2 a2 0-1

[Event "V Floripa Chess Open 2019"]
[Site "Florianopolis/SC"]
[Date "2019.01.23"]
[Round "4.83"]
[White "Da Silva, Daniel Pereira"]
[Black "Acosta, Pablo Alejandro"]
[Result "0-1"]
[WhiteElo "1773"]
[BlackElo "1981"]
[PlyCount "80"]
[EventDate "2019.01.21"]
[EventRounds "10"]
[EventCountry "BRA"]

1. d4 e6 2. c4 f5 3. Nc3 Nf6 4. Nf3 Be7 5. Bf4 d6 6. e3 O-O 7. Bd3 Nh5 8. Bg3 Bf6 9. Qc2 g6 10. c5 Nc6 11. a3 e5 12. Bc4+ Kh8 13. dxe5 dxe5 14. Rd1 Qe8 15. Nd5 Rf7 16. Nxf6 Rxf6 17. Bh4 Rf8 18. Qc3 Ng7 19. b4 e4 20. Bf6 Rxf6 21. Qxf6 exf3 22. Bf7 Qf8 23. b5 fxg2 24. Rg1 Ne7 25. Qe5 Qxf7 26. Qxc7 Be6 27. Qxb7 Rf8 28. Qxa7 Bb3 29. Rd4 Qf6 30. b6 Nc6 31. Qd7 Nxd4 32. exd4 Re8+ 33. Kd2 Qg5+ 34. Kc3 Be6 35. Qc6 Qf4 36. Qxg2 Rd8 37. Rd1 Bd5 38. Qg3 Qe4 39. Qe3 Qg4 40. Rd2 Qg1 0-1

[Event "V Floripa Chess Open 2019"]
[Site "Florianopolis/SC"]
[Date "2019.01.23"]
[Round "4.84"]
[White "Costa, Pedro Henrique"]
[Black "Da Silva, Joao Carlos Orguim"]
[Result "0-1"]
[WhiteElo "1978"]
[BlackElo "1762"]
[PlyCount "48"]
[EventDate "2019.01.21"]
[EventRounds "10"]
[EventCountry "BRA"]

1. d4 d5 2. c4 dxc4 3. Nc3 a6 4. e3 b5 5. Qf3 Ra7 6. a4 Bb7 7. e4 b4 8. Bxc4 e6 9. Nce2 Nf6 10. d5 exd5 11. exd5 Bc5 12. Bg5 Nbd7 13. Nh3 Ne5 14. Qb3 Nxc4 15. Bxf6 Qxf6 16. Qxc4 Qd6 17. Rc1 Bb6 18. Nhf4 O-O 19. O-O g5 20. Nh5 a5 21. Nd4 Qg6 22. Ng3 Raa8 23. Ne4 Rfe8 24. Rfe1 Qf6 0-1

[Event "V Floripa Chess Open 2019"]
[Site "Florianopolis/SC"]
[Date "2019.01.23"]
[Round "4.85"]
[White "Peroza, Eduardo Antunes"]
[Black "Reichert, Thiago Da Cruz"]
[Result "1/2-1/2"]
[WhiteElo "1745"]
[BlackElo "1976"]
[PlyCount "51"]
[EventDate "2019.01.21"]
[EventRounds "10"]
[EventCountry "BRA"]

1. e4 e6 2. d4 d5 3. Nd2 Nf6 4. e5 Nfd7 5. Bd3 c5 6. c3 Nc6 7. Ne2 Qb6 8. Nf3 a5 9. O-O Be7 10. Re1 a4 11. Bc2 a3 12. b3 cxd4 13. cxd4 Ndb8 14. Qd2 Nxd4 15. Nexd4 Nc6 16. Qf4 Nxd4 17. Be3 Bd7 18. Bxd4 Bc5 19. Rac1 Rc8 20. Bd3 Bxd4 21. Qxd4 Qxd4 22. Nxd4 Ke7 23. f4 f6 24. Kf2 fxe5 25. fxe5 Rhf8+ 26. Kg3 1/2-1/2

[Event "V Floripa Chess Open 2019"]
[Site "Florianopolis/SC"]
[Date "2019.01.23"]
[Round "4.86"]
[White "Mendes, Joao Paulo"]
[Black "Jodorcovsky, Paulo Leonardo"]
[Result "1-0"]
[WhiteElo "1973"]
[BlackElo "1722"]
[PlyCount "77"]
[EventDate "2019.01.21"]
[EventRounds "10"]
[EventCountry "BRA"]

1. e4 c5 2. Nf3 Nc6 3. Be2 Nf6 4. Nc3 e6 5. d4 cxd4 6. Nxd4 d5 7. exd5 exd5 8. O-O Bd6 9. Bf3 O-O 10. Ndb5 Be6 11. Nxd6 Qxd6 12. Nb5 Qd7 13. Bf4 Rac8 14. Nc3 h6 15. Qd2 Ne7 16. Be5 Ng4 17. Bg3 f5 18. Rfe1 Nf6 19. Rad1 Rfd8 20. Qe2 Rc6 21. Nb5 Ne4 22. Nd4 Rcc8 23. Bxe4 fxe4 24. f3 Nf5 25. fxe4 Nxg3 26. hxg3 Bg4 27. Nf3 Qc6 28. c3 dxe4 29. Rxd8+ Rxd8 30. Qxe4 Qb6+ 31. Nd4 h5 32. Qe7 Rf8 33. b3 Rf6 34. Kh2 Qa5 35. Qxb7 Qg5 36. Re8+ Rf8 37. Rxf8+ Kxf8 38. Qb8+ Kf7 39. Qf4+ 1-0

[Event "V Floripa Chess Open 2019"]
[Site "Florianopolis/SC"]
[Date "2019.01.23"]
[Round "4.87"]
[White "Melo, Sergio Roberto Samp"]
[Black "Soares, Renan Barbosa Monte"]
[Result "1/2-1/2"]
[WhiteElo "1736"]
[BlackElo "1972"]
[PlyCount "90"]
[EventDate "2019.01.21"]
[EventRounds "10"]
[EventCountry "BRA"]

1. Nf3 g6 2. c4 Bg7 3. Nc3 Nf6 4. g3 O-O 5. Bg2 d6 6. O-O c5 7. d4 Nc6 8. dxc5 dxc5 9. Qxd8 Rxd8 10. Be3 Nd4 11. Rad1 Ng4 12. Bc1 Bf5 13. Nxd4 Bxd4 14. e3 Bxc3 15. bxc3 Bd3 16. Rfe1 Rab8 17. Bd5 Bc2 18. Rd2 Ba4 19. h3 Nf6 20. f4 b6 21. Kf2 Rd7 22. Bf3 Rbd8 23. Rxd7 Rxd7 24. e4 e6 25. e5 Ne8 26. Ke3 f5 27. exf6 Nxf6 28. Kf2 Kf7 29. g4 Ne8 30. f5 exf5 31. gxf5 Nf6 32. fxg6+ Kxg6 33. Re5 Rd3 34. Re3 Rd6 35. Re5 Bd7 36. Bf4 Bxh3 37. Rxc5 Rd7 38. Rc7 Be6 39. Rxd7 Nxd7 40. Bc6 Nc5 41. Bb8 Bxc4 42. Bxa7 Nd3+ 43. Ke3 b5 44. a4 bxa4 45. Bxa4 Nb2 1/2-1/2

[Event "V Floripa Chess Open 2019"]
[Site "Florianopolis/SC"]
[Date "2019.01.23"]
[Round "4.88"]
[White "Ichimura G. Barbosa, Larissa Y."]
[Black "Santos Neto, Amazonas"]
[Result "1-0"]
[WhiteElo "1967"]
[BlackElo "1682"]
[PlyCount "84"]
[EventDate "2019.01.21"]
[EventRounds "10"]
[EventCountry "BRA"]

1. e4 e6 2. d3 d5 3. Nd2 d4 4. Ngf3 c5 5. g3 Nc6 6. e5 Nge7 7. Nc4 Ng6 8. a4 Qc7 9. Qe2 Be7 10. Bg2 O-O 11. h4 f5 12. h5 Nh8 13. Bf4 Nf7 14. Nh4 Na5 15. Nd2 Rb8 16. Ng6 Re8 17. Nxe7+ Qxe7 18. Nf3 c4 19. Nxd4 Ra8 20. Nf3 cxd3 21. cxd3 b6 22. O-O Ba6 23. Rfd1 Nb3 24. Ra3 Nc5 25. Ne1 g5 26. hxg6 hxg6 27. Be3 Nxe5 28. Bg5 Qxg5 29. Qxe5 Kf7 30. Nf3 Qf6 31. Qc7+ Qe7 32. Ne5+ Kf6 33. Qxe7+ Kxe7 34. Nc6+ Kf6 35. Nb8 Raxb8 36. b4 Nd7 37. b5 Bb7 38. Bxb7 Rxb7 39. d4 Ke7 40. Re3 Kd6 41. Rde1 Nf8 42. Rc3 Kd5 1-0

[Event "V Floripa Chess Open 2019"]
[Site "Florianopolis/SC"]
[Date "2019.01.23"]
[Round "4.89"]
[White "Silvestre, Gilmar Severino"]
[Black "Maciel, Diogo Alves"]
[Result "1/2-1/2"]
[WhiteElo "1709"]
[BlackElo "1957"]
[PlyCount "73"]
[EventDate "2019.01.21"]
[EventRounds "10"]
[EventCountry "BRA"]

1. c4 c6 2. Nf3 Nf6 3. g3 d5 4. b3 Bg4 5. Bg2 Bxf3 6. Bxf3 g6 7. Bb2 Bg7 8. O-O O-O 9. d4 Nbd7 10. Nd2 Re8 11. e4 dxe4 12. Nxe4 Nxe4 13. Bxe4 Nc5 14. dxc5 Bxb2 15. Rb1 Bd4 16. b4 e5 17. Qe2 f5 18. Bg2 e4 19. Rb3 Qc7 20. Rd1 Rad8 21. Kh1 Bf6 22. Rbb1 Rxd1+ 23. Rxd1 Rd8 24. Rxd8+ Qxd8 25. f3 exf3 26. Bxf3 Qe7 27. Qxe7 Bxe7 28. a4 Kf7 29. b5 cxb5 30. cxb5 Bxc5 31. Bxb7 Ke6 32. Kg2 Ke5 33. Kf3 g5 34. Bd5 a5 35. h3 h6 36. Bc6 Kd4 37. Bb7 1/2-1/2

[Event "V Floripa Chess Open 2019"]
[Site "Florianopolis/SC"]
[Date "2019.01.23"]
[Round "4.90"]
[White "Bonfim, Regina Rodrigues"]
[Black "Japiassu, Ricardo De Villa No"]
[Result "0-1"]
[WhiteElo "1708"]
[BlackElo "1956"]
[PlyCount "56"]
[EventDate "2019.01.21"]
[EventRounds "10"]
[EventCountry "BRA"]

1. d4 Nf6 2. Bf4 c5 3. e3 Qb6 4. b3 d6 5. Nf3 g6 6. Be2 Bg7 7. c3 O-O 8. h3 Qc7 9. O-O Nbd7 10. Nbd2 Nd5 11. Rc1 Nxf4 12. exf4 Nf6 13. Bd3 b6 14. g4 Bb7 15. f5 Nd5 16. Be4 Nf4 17. Bxb7 Qxb7 18. dxc5 dxc5 19. h4 Rad8 20. Rc2 Rd3 21. Re1 Rfd8 22. Re3 Bxc3 23. Rxd3 Rxd3 24. Ne1 Rh3 25. Ndf3 Bxe1 26. Qd8+ Kg7 27. f6+ exf6 28. g5 Rh1+ 0-1

[Event "V Floripa Chess Open 2019"]
[Site "Florianopolis/SC"]
[Date "2019.01.23"]
[Round "4.91"]
[White "Setti, Dalmarino"]
[Black "Volkmann, Andre Jordi"]
[Result "0-1"]
[WhiteElo "1650"]
[BlackElo "1955"]
[PlyCount "98"]
[EventDate "2019.01.21"]
[EventRounds "10"]
[EventCountry "BRA"]

1. d4 d5 2. c4 e6 3. Nc3 c6 4. cxd5 exd5 5. Nf3 Bd6 6. Bg5 Qc7 7. Rc1 Bg4 8. h3 Be6 9. e3 h6 10. Bh4 g5 11. Bg3 Bxg3 12. fxg3 Qxg3+ 13. Ke2 Nf6 14. Qe1 Nh5 15. Rg1 Nd7 16. Qxg3 Nxg3+ 17. Kf2 Ne4+ 18. Nxe4 dxe4 19. Nd2 f5 20. Bc4 Ke7 21. Bxe6 Kxe6 22. g4 Rhf8 23. gxf5+ Rxf5+ 24. Ke2 Nf6 25. Nb3 Rf3 26. Rh1 Nd5 27. Nc5+ Ke7 28. Kd2 Rxe3 29. Rce1 Rxe1 30. Rxe1 e3+ 31. Kc2 b6 32. Nd3 Rf8 33. Ne5 Rf2+ 34. Kb3 Kd6 35. Ng4 Rf3 36. Nxh6 Ke6 37. Ng4 Rxh3 38. Nf2 Rf3 39. Ng4 e2+ 40. Kc2 Nf4 41. Nh2 Rf2 42. Ng4 Rf1 43. Kd2 Rxe1 44. Kxe1 Kd5 45. Ne3+ Kxd4 46. Nc2+ Ke4 47. Kd2 Kf3 48. Ne1+ Kf2 49. b4 g4 0-1

[Event "V Floripa Chess Open 2019"]
[Site "Florianopolis/SC"]
[Date "2019.01.23"]
[Round "4.92"]
[White "Nunes, Guilherme Sacardo T"]
[Black "Nicolini, Paulo Giovanni De A"]
[Result "0-1"]
[WhiteElo "1572"]
[BlackElo "1951"]
[PlyCount "60"]
[EventDate "2019.01.21"]
[EventRounds "10"]
[EventCountry "BRA"]

1. e4 g6 2. d3 Bg7 3. g3 d6 4. Bg2 c5 5. f4 Nc6 6. Nf3 Qb6 7. c3 Bd7 8. Na3 Na5 9. Rb1 Nh6 10. h3 O-O 11. g4 f5 12. exf5 gxf5 13. g5 Nf7 14. Nh4 Bc6 15. g6 hxg6 16. Rg1 Nh8 17. Bxc6 Qxc6 18. Qe2 Rf6 19. Qf2 Re8 20. Qg3 b5 21. Nf3 b4 22. Nc2 e5 23. Kd1 e4 24. Ng5 exd3 25. Qxd3 c4 26. Qg3 b3 27. axb3 Nxb3 28. Be3 Nf7 29. Bd4 Nxg5 30. Qxg5 Qf3# 0-1

[Event "V Floripa Chess Open 2019"]
[Site "Florianopolis/SC"]
[Date "2019.01.23"]
[Round "4.93"]
[White "Moyses Sobrinho, Elias"]
[Black "Pereira Fo, Hildebrando Apoloni"]
[Result "1-0"]
[WhiteElo "1948"]
[BlackElo "1595"]
[PlyCount "43"]
[EventDate "2019.01.21"]
[EventRounds "10"]
[EventCountry "BRA"]

1. d4 d5 2. c4 c6 3. cxd5 cxd5 4. Nc3 Nf6 5. Bf4 a6 6. e3 e6 7. Nf3 Nc6 8. a3 Bd6 9. Bxd6 Qxd6 10. Bd3 O-O 11. O-O b5 12. b4 Bb7 13. Rc1 Rac8 14. Bb1 Rc7 15. Qd3 h6 16. h3 Rfc8 17. Nd2 Nb8 18. Nb3 Nbd7 19. Nc5 Qe7 20. Nxb7 Rxb7 21. Nxd5 Qd8 22. Rxc8 1-0

[Event "V Floripa Chess Open 2019"]
[Site "Florianopolis/SC"]
[Date "2019.01.23"]
[Round "4.94"]
[White "Gomes, Guilherme Rodrigues"]
[Black "Stapenhorst, Matheus Frederico"]
[Result "1-0"]
[WhiteElo "1565"]
[BlackElo "1947"]
[PlyCount "95"]
[EventDate "2019.01.21"]
[EventRounds "10"]
[EventCountry "BRA"]

1. d4 Nf6 2. Nf3 e6 3. g3 d5 4. Bg2 Be7 5. O-O O-O 6. c4 c6 7. Qc2 Nbd7 8. Nc3 Bd6 9. Nd2 Re8 10. e4 dxe4 11. Ndxe4 Nxe4 12. Nxe4 Be7 13. Rd1 Nf6 14. Nc3 Bd6 15. Bg5 h6 16. Bxf6 Qxf6 17. Ne4 Qd8 18. d5 cxd5 19. Nxd6 Qxd6 20. cxd5 e5 21. Rac1 Rd8 22. h3 Rb8 23. Re1 f6 24. Qg6 Qe7 25. Be4 Qf7 26. Qxf7+ Kxf7 27. Rc7+ Bd7 28. f4 Ke7 29. fxe5 fxe5 30. Bf5 Kd6 31. Rxd7+ Rxd7 32. Bxd7 Kxd7 33. Rxe5 Rc8 34. Re6 Rc2 35. Rg6 Rxb2 36. a4 a5 37. Rxg7+ Kd6 38. Rg6+ Kxd5 39. Rxh6 Ke4 40. Rf6 Rb1+ 41. Kg2 Rb2+ 42. Rf2 Rb4 43. h4 b5 44. h5 bxa4 45. h6 Rb6 46. h7 Rh6 47. Rf4+ Ke5 48. Rh4 1-0

[Event "V Floripa Chess Open 2019"]
[Site "Florianopolis/SC"]
[Date "2019.01.23"]
[Round "4.95"]
[White "Hirota Da Silva, Nilton"]
[Black "Lima, Vinicius Taishun"]
[Result "1/2-1/2"]
[WhiteElo "1942"]
[BlackElo "1585"]
[PlyCount "53"]
[EventDate "2019.01.21"]
[EventRounds "10"]
[EventCountry "BRA"]

1. d4 d5 2. Nf3 c6 3. g3 Nf6 4. Bg2 Bg4 5. O-O e6 6. Nbd2 Bd6 7. h3 Bf5 8. Re1 Nbd7 9. c4 O-O 10. c5 Bc7 11. Nh4 Bg6 12. f4 Re8 13. Nxg6 hxg6 14. Nf1 Ne4 15. Bxe4 dxe4 16. Qc2 Nf6 17. Be3 Qd5 18. Red1 Qh5 19. Kg2 Kf8 20. Nh2 Ke7 21. g4 Qh7 22. Rh1 Rh8 23. Nf1 Nxg4 24. Qxe4 Nxe3+ 25. Nxe3 Qh5 26. Qf3 Rad8 27. Rad1 1/2-1/2

[Event "V Floripa Chess Open 2019"]
[Site "Florianopolis/SC"]
[Date "2019.01.23"]
[Round "4.96"]
[White "Woichinevski, Joao Vinicius Peru"]
[Black "Deus Filho, Joaquim De"]
[Result "1-0"]
[WhiteElo "1528"]
[BlackElo "1936"]
[PlyCount "99"]
[EventDate "2019.01.21"]
[EventRounds "10"]
[EventCountry "BRA"]

1. e4 e5 2. Nf3 Nc6 3. d4 exd4 4. Nxd4 Bc5 5. Be3 Bb6 6. g3 d6 7. Bg2 Ne5 8. c3 Nf6 9. O-O O-O 10. a4 a5 11. Nc2 Bxe3 12. Nxe3 Be6 13. Qe2 Qd7 14. Nd2 Bh3 15. Nd5 Nxd5 16. exd5 Bxg2 17. Kxg2 Rfe8 18. Rfe1 Ng6 19. Qd3 Rxe1 20. Rxe1 Qxa4 21. Re4 Qd7 22. Qe2 Kf8 23. Nb3 a4 24. Nd4 a3 25. bxa3 Rxa3 26. Qb2 Ra7 27. Qb5 Qd8 28. c4 Ne5 29. c5 g6 30. cxd6 cxd6 31. Rxe5 dxe5 32. Qc5+ Kg8 33. Qxa7 Qxd5+ 34. Nf3 g5 35. Qb8+ Kg7 36. Qxe5+ Qxe5 37. Nxe5 Kf6 38. Nc4 b5 39. Nd2 Ke5 40. Kf3 Kd4 41. Ke2 b4 42. f4 gxf4 43. gxf4 f5 44. h4 h5 45. Kf3 Kc3 46. Ke3 Kc2 47. Nc4 Kb3 48. Kd3 Ka4 49. Kc2 b3+ 50. Kc3 1-0

[Event "V Floripa Chess Open 2019"]
[Site "Florianopolis/SC"]
[Date "2019.01.23"]
[Round "4.97"]
[White "Maiberg, Wellington Gubiani"]
[Black "Gomes, Carlos"]
[Result "1-0"]
[WhiteElo "1935"]
[BlackElo "1562"]
[PlyCount "67"]
[EventDate "2019.01.21"]
[EventRounds "10"]
[EventCountry "BRA"]

1. g4 e5 2. Bg2 d5 3. c4 c6 4. h3 h6 5. cxd5 cxd5 6. Qb3 Nf6 7. Nc3 e4 8. d3 exd3 9. Nxd5 Nc6 10. exd3 Nxd5 11. Bxd5 Bb4+ 12. Kf1 Qe7 13. Be3 Be6 14. Bxe6 Qxe6 15. Qxe6+ fxe6 16. a3 Bd6 17. Nf3 O-O 18. Ke2 Kh7 19. Nd4 Nxd4+ 20. Bxd4 e5 21. Be3 b6 22. Rac1 Rac8 23. Rxc8 Rxc8 24. Rc1 Rxc1 25. Bxc1 Kg6 26. Kf3 Kf6 27. Ke4 Ke6 28. f4 exf4 29. Bxf4 Be7 30. a4 a6 31. d4 Bd8 32. d5+ Kf6 33. Be5+ Ke7 34. d6+ 1-0

[Event "V Floripa Chess Open 2019"]
[Site "Florianopolis/SC"]
[Date "2019.01.23"]
[Round "4.98"]
[White "Budag, Lucas Demetrio"]
[Black "Hopka, Matheus Marchesi"]
[Result "0-1"]
[WhiteElo "1741"]
[BlackElo "1933"]
[PlyCount "48"]
[EventDate "2019.01.21"]
[EventRounds "10"]
[EventCountry "BRA"]

1. c4 f5 2. Nc3 Nf6 3. d3 d6 4. e4 e5 5. Nf3 Be7 6. g3 O-O 7. Bg2 fxe4 8. dxe4 Be6 9. b3 Qd7 10. Ng5 Bg4 11. f3 Be6 12. Nxe6 Qxe6 13. Nd5 Bd8 14. O-O c6 15. Ne3 Bb6 16. Kh1 Nbd7 17. Nf5 Ne8 18. f4 exf4 19. Bxf4 Rd8 20. Nd4 Qg6 21. Nf5 Qe6 22. Nd4 Qg6 23. Nf5 Rf7 24. Bc1 Ne5 0-1